| 000 | 01225cab a22002055a 4500 | ||
|---|---|---|---|
| 001 | L153198 | ||
| 008 | 110622e2011 xxk 000 0 eng d | ||
| 035 | _a(Sirsi) u153198 | ||
| 041 | 0 | _aeng | |
| 100 | 1 | _aHatcher, David | |
| 245 | 0 | 0 |
_aMarkets _bWest London |
| 260 | _c2011 | ||
| 490 | 0 |
_aProperty Week _v77(24) 17 June 2011, 45-52(5) |
|
| 520 | _aImperial College seeks to change Glenkerrin's Villiers house office block in Ealing into an educational facility and student accommodation. London Borough of Hammersmith and Fulham, host to some of the UK's biggest development projects, firmly believes in the government's decentralisation agenda. Helical Bar and Aviva to submit planning application in early 2012 for their 1.5m-2m sq ft White City scheme. Airworld Services has expanded its Heathrow operations at Segro X2 to 110 000 sq ft. Chiswick's gradually improving office lettings market experiences gazumping. Blackstone to start soon its speculative development of Building 6 at Chiswick Park. | ||
| 590 | _aKA | ||
| 651 | 4 | _aLondon | |
| 690 | _aPROPERTY-COMMERCIAL PROPERTY-COMMERCIAL PROPERTY FINANCE AND INVESTMENT | ||
| 690 | _aPROPERTY-COMMERCIAL PROPERTY-COMMERCIAL PROPERTY MARKET | ||
| 942 | _n0 | ||
| 999 |
_c83228 _d83228 |
||